| 000 | 01139nam a22003497a 4500 | ||
|---|---|---|---|
| 001 | 12726343 | ||
| 003 | TZ-ArACH | ||
| 005 | 20260304093917.0 | ||
| 008 | 020401r20012001nyub 000 1 eng | ||
| 010 | _a 2002278391 | ||
| 020 | _a9781447201601 | ||
| 035 | _a12726343 | ||
| 040 |
_aDLC _cTZ-ArACH _dDLC |
||
| 043 | _af-ua--- | ||
| 050 | 0 | 0 |
_aPR9405.9.S5 _bW37 2011 |
| 100 | 1 | _aSmith, Wilbur A. | |
| 245 | 1 | 0 |
_aWarlock: _cWilbur Smith |
| 260 |
_aLondon: _bPan Books, _c2011. |
||
| 300 |
_a693 p.: _c18 cm. |
||
| 650 | 0 |
_aWarlocks _vFiction. |
|
| 651 | 0 |
_aThebes (Egypt : Extinct city) _vFiction. |
|
| 651 | 0 |
_aEgypt _xHistory _yTo 332 B.C. _vFiction. |
|
| 655 | 7 |
_aHistorical fiction. _2gsafd |
|
| 655 | 7 |
_aAdventure fiction. _2gsafd |
|
| 655 | 7 |
_aEpic fiction. _2gsafd |
|
| 655 | 7 |
_aFiction. _2lcgft |
|
| 856 | 4 | 1 |
_3Sample text _uhttp://www.loc.gov/catdir/enhancements/fy0667/2002278391-s.html |
| 906 |
_a7 _bcbc _corigcop _d2 _encip _f20 _gy-gencatlg |
||
| 942 |
_2lcc _cBOOK |
||
| 999 |
_c7821 _d7821 |
||